00526nam a2200169 a 450008200150000010000240001524500460003926000400008530000090012550000350013450500100016965000240017970000240020394200070022795201070023499900150034100a200.1bGAR aGarland, L V Lester aReligious Philosophy of Baron F.Von Hugel aLondonbJ. M. Dent & Sons Ltdc1933 a114p aincludes index and biblioraphy2 aIndex aReligion-Philosophy1 aGarland, L V Lester cBK 00104070aHMIbHMId2007-03-19g100.00l2o200.1 GARp8548r2025-09-10s2025-08-20w2026-01-16yARB c3832d3832